| 000 | 00676nam a2200193Ia 4500 | ||
|---|---|---|---|
| 008 | 241004s9999 xx 000 0 und d | ||
| 020 | _a9788130909271 | ||
| 037 | _aTextbook | ||
| 040 |
_aARTS _bhin _cARTS |
||
| 041 |
_ahin _2hin |
||
| 084 |
_aW:5 152Q8 _qARTS |
||
| 100 | _aबिसवाल, तपन, ले. | ||
| 245 |
_aमानवाधिकार जेन्डर एवम् पर्यावरण _cबिसवाल, तपन, ले. |
||
| 260 |
_aभारत _bनई दिल्ली, विवा बुक्स _c2008 |
||
| 300 | _a430पृ0 | ||
| 365 |
_aINR _b395 |
||
| 942 |
_cTB _hW:5 152Q8 |
||
| 999 |
_c1218816 _d1218816 |
||